| 000 | 00564nam a2200181Ia 4500 | ||
|---|---|---|---|
| 008 | 090124s9999 xx 000 0 und d | ||
| 082 | _b113160 | ||
| 100 | _aढोले दत्तात्रय कृ. | ||
| 245 | _a सैनिकाची खबर | ||
| 250 | _a1 | ||
| 260 | _c1969 | ||
| 300 | _a102 | ||
| 600 | _aढोले दत्तात्रय कृ. | ||
| 630 | _a सैनिकाची खबर | ||
| 700 | _aढोले दत्तात्रय कृ. | ||
| 730 | _a सैनिकाची खबर | ||
| 942 | _cBOOK | ||
| 999 |
_c159251 _d159251 |
||